Interstate Highway Begin/End - Statistics

General Stats
  • This quiz has been taken 132 times
    88 since last reset
  • The average score is 22 of 40
Answer Stats
Hint Answer % Correct
I-10 Los Angeles
92%
I-10 Jacksonville
86%
I-80 New York City
76%
I-5 San Diego
75%
I-5 Seattle
72%
I-80 San Francisco
70%
I-90 Seattle
70%
I-90 Boston
68%
I-95 Miami
68%
I-70 Baltimore
65%
I-15 San Diego
63%
I-70 Cove Fort, UT
61%
I-30 Dallas
61%
I-40 Bakersfield
59%
I-30 Little Rock
59%
I-84 (Western) Portland
58%
I-95 Houlton, ME
56%
I-35 Duluth
55%
I-40 Wilmington
54%
I-75 Miami
52%
I-55 New Orleans
52%
I-75 Sault Ste. Marie
52%
I-64 St. Louis
52%
I-15 Sweet Grass, MT
52%
I-55 Chicago
51%
I-64 Norfolk
51%
I-84 (Western) Salt Lake City
51%
I-94 Billings
49%
I-94 Detroit
49%
I-35 Laredo, TX
49%
I-29 Kansas City
45%
I-65 Mobile
45%
I-77 Cleveland
41%
I-29 Fargo
39%
I-85 Montgomery
39%
I-65 Gary
38%
I-85 Richmond
37%
I-77 Columbia, SC
35%
I-81 Knoxville
32%
I-81 Syracuse, NY
27%
No matching quizzes found
Score Distribution
Percent of People with Each Score
Percentile by Number Answered
Your Score History
You have not taken this quiz since the last reset